A Reforma Trabalhista e o Processo do Trabalho

Detalles Bibliográficos
Autor principal: Schiavi, Mauro
Formato: eBook
Lenguaje:portugués
Publicado: San Pablo: LTR, 2018
Materias:
Acceso en línea:Acceso restringido

MARC

LEADER 00000nam a22000007a 4500
005 2018071106416.0
007 cr|||| ||||
008 180711s2018 br |||||s|||| 00||0 por d
020 |a 978-85-361-9586-5 
035 |a 21786 
040 |a vLex 
090 |c 8021  |d 8021 
100 1 |a Schiavi, Mauro 
245 1 1 |a A Reforma Trabalhista e o Processo do Trabalho  |h [Recurso electrn̤ico] /  |c Mauro Schiavi 
256 |a Servicio en ln̕ea 
260 |a San Pablo:  |b LTR,  |c 2018 
300 |a 1 recurso electrn̤ico 
500 |a A lei n. 13.467/17, conhecida como a Lei da Reforma Trabalhista, aprovada pelo Congresso Nacional e sancionada pelo Presidente da Repb︢lica, traz importantes alteraė̳s no Direito do Trabalho, no Processo do Trabalho e na Justiȧ do Trabalho. Este volume pretende apresentar comentr̀ios objetivos aos dispositivos processuais e de direito material que tm̊ impactos no processo trabalhista, destacando os acertos e desacertos da lei, mas com o objetivo principal de apresentar a Lei como ela efetivamente .̌ Uma vez publicada, a Lei adquire vida prp̤ria e deve ser interpretada ̉luz da Constituiȯ̂ Federal e dos princp̕ios peculiares que regem o Processo do Trabalho. 
506 1 |a Disponible solo en los productos indicados  |d vLex Global  |d vLex Global (Academic Edition, excluding Law Schools)  |d vLex Global (U.S. Academic Edition, Law Schools)  |d vLex Global (U.S. Academic Edition, excluding Law Schools)  |d vLex Global (Academic Edition, Law Schools) 
650 0 4 |a Derecho Laboral y Seguridad Social  |z Brasil 
650 0 4 |a Derecho Procesal  |z Brasil 
650 0 4 |a Procedimiento Laboral  |z Brasil 
740 0 |a vLex Libros (Servicio en ln̕ea) 
856 4 0 |u http://vlex.com/source/reforma-trabalhista-e-o-processo-do-trabalho-21786  |z Acceso restringido 
942 |c BOOK 
999 0 |a Labor Law and Social Security 
999 0 |a Procedural Law 
999 0 |a Labor Procedure